Cómo sanar las heridas de la adicción sexual

Uloženo v:
Podrobná bibliografie
Hlavní autor: Laaser, Mark
Médium: Kniha
Jazyk:španělština
Vydáno: Miami Vida 2005
Témata:
Tagy: Přidat tag
Žádné tagy, Buďte první, kdo vytvoří štítek k tomuto záznamu!

MARC

LEADER 00000nam a22000005a 4500
003 CL-ChBUA
005 20120815095516.0
008 101112s2005 xxu||||| |||| 000 ||spa
020 |a 0829744606 
040 |a CL-ChBUA  |c CL-ChBUA 
082 0 0 |a 261.835 
090 |c 28197  |d 28197 
100 1 |a Laaser, Mark 
245 1 0 |a Cómo sanar las heridas de la adicción sexual 
260 |a Miami  |b Vida  |c 2005 
300 |a 238 p.  |c 22 cm. 
504 |a índice 
650 4 |a CONDUCTA SEXUAL 
650 4 |a TRASTORNOS SEXUALES 
942 |c LIB 
952 |0 0  |1 0  |4 0  |7 0  |9 66192  |a UNACH  |b UNACH  |c 200  |d 2010-11-12  |i 46.920  |l 16  |m 4  |o 261.835 / L 111  |p 67324  |r 2025-09-25 12:44:10  |s 2025-09-25  |u 66192  |w 2012-08-08  |y LIB  |k 261.835 / L 111 
999 |c 28197  |d 28197